000 01182nam a2200313Ia 4500
001 ebr10218270
003 CaPaEBR
006 m u
007 cr cn|||||||||
008 040430s2005 enka sb 001 0 eng d
020 _z9780761949954
020 _z9781847871176
020 _z0761949941 (hbk.)
020 _z076194995X (pbk.)
040 _aCaPaEBR
_cCaPaEBR
035 _a(OCoLC)290535093
050 1 4 _aQA76.575
_b.C73 2005eb
100 1 _aCranny-Francis, Anne.
245 1 0 _aMultimedia
_h[electronic resource] :
_btexts and contexts /
_cAnne Cranny-Francis.
260 _aLondon :
_bSAGE,
_c2005.
300 _aix, 196 p. :
_bill.
504 _aIncludes bibliographical references and index.
533 _aElectronic reproduction.
_bPalo Alto, Calif. :
_cebrary,
_d2009.
_nAvailable via World Wide Web.
_nAccess may be limited to ebrary affiliated libraries.
650 0 _aMultimedia systems.
650 0 _aInformation storage and retrieval systems.
655 7 _aElectronic books.
_2local
710 2 _aebrary, Inc.
856 4 0 _uhttp://site.ebrary.com/lib/rucke/Doc?id=10218270
_zAn electronic book accessible through the World Wide Web; click to view
999 _c240553
_d240553